00301nam a2200121Ia 4500008004100000041000800041082001600049100001900065245002600084260002800110300003000138365001100168240624s9999 xx 000 0 und d aeng a658.406 JAU aJAUHARI VINNIE aINNOVATION MANAGEMENT c2014aNew DelhibOxford axv, : 346 : p. : cm. ; 26 cRSb31